Responses for Show #1472 - Tuesday, January 15, 1991

Lois Kurowski game 2.

Contestants

[<< previous game]

Kathy Kirkhofer, an accountant and CPA from Lake Arrowhead, California

David Poland, a writer originally from Miami, Florida

Lois Kurowski, a doctoral student from Elkhart, Indiana (whose 1-day cash winnings total $14,800)

[next game >>]

Jeopardy! Round responses

WOMEN AUTHORS
FLOWERS
POTENT POTABLES
3-LETTER WORDS
MOVIES
MASCOTS
    $100 1
Louisa May Alcott

Kathy
    $100 22
dolphin

Lois
    $100 10
honey

David
    $100 2
tip

Lois
    $100 7
(Lois: What is Stalag 13?)

Stalag 17

LoisDavid
    $100 16
Air Force

Lois
    $200 3
Erma Bombeck

Kathy
    $200 23
lilies

Kathy
    $200 11
sloe gin

Kathy
    $200 5
lip

Kathy
    $200 8
Golden Gate Bridge

David
    $200 17
Qantas

Kathy
    $300 4
The Joy of Cooking

Lois
    $300 24
(Kathy: What is a Venus flytrap?)

snapdragons

Kathy
Triple Stumper
    $300 25
creme d'ananas

Lois
    $300 6
hip

David
    $300 9
La Strada

Triple Stumper
    $300 19
Travelodge

Kathy
    $400 12
The Thorn Birds

Kathy
    $200 29
morning glory

Lois
    $400 27
rum

Kathy
    $400 14
pip

Kathy
    $400 18
Carmen Miranda

David
    $400 20
Colorado

David
    $500 13
Katherine Anne Porter

Kathy
    $500 30
(Kathy: What are foxtails?)

foxglove

LoisKathy
    $500 28
lime

Lois
    $500 15
zip

David
    $500 26
Mr. Deeds Goes to Town

Kathy
    $500 21
raccoon

Kathy

Scores at the first commercial break (after clue 15):

Lois David Kathy
$300 $1,200 $2,000

Scores at the end of the Jeopardy! Round:

Lois David Kathy
$2,000 $2,000 $3,300

Double Jeopardy! Round responses

SHAKESPEAREAN 1ST LINES
[The "ST" were in upper case and a little shorter than than the "1"]
20TH CENTURY PERSONALITIES
[The "TH" were upper case and a little shorter than the "20."]
U.S. STATES
MEN OF SCIENCE
MYTHOLOGY
CARNEGIE HALL
    $200 10
Romeo and Juliet

Kathy
    $200 9
Hirohito

Kathy
    $200 7
Hawaii

Lois
    $200 6
Luther Burbank

Triple Stumper
    $200 1
Pan

Kathy
    $200 26
Churchill

Lois
    $400 11
Troilus and Cressida

Kathy
    $400 13
Prince Charles

David
    $400 20
(David: What is California?)

New Mexico

DavidKathy
    $400 8
DDT

David
    $400 2
harp

Lois
    $400 27
Conan Doyle

David
    $600 12
Richard III

David
    $1,000 14
(David: Who is Gandhi?)
(Alex: Be more specific.)
(David: Mohandas Gandhi?)

Rajiv Gandhi

David
    $600 21
Louisiana

Lois
    $600 17
Sikorsky

Lois
    $600 3
Leda

Kathy
    $600 28
Billie Holiday

David
    $800 24
(David: What is As You Like It?)

Twelfth Night

David
Triple Stumper
    $800 15
Tenzing Norgay

Triple Stumper
    $800 22
Minnesota

Kathy
    $800 18
(David: What is a mineral?)

protein

LoisDavid
    $800 4
(Kathy: Who is Mesmer?)

Morpheus

Kathy
Triple Stumper
    $800 29
Leonard Bernstein

Lois
    $1000 25
The Merchant of Venice

Kathy
    $1000 16
Edward Albee

Lois
    $1000 23
(Lois: What is New Jersey?)

Rhode Island

Lois
Triple Stumper
    $1000 19
Max Planck

Kathy
    $1000 5
Arachne

Triple Stumper
    $1,700 30
[Instrumental music played.]
...
(Alex: [*]'s Concerto in F.)

George Gershwin

Lois

Scores at the end of the Double Jeopardy! Round:

Lois David Kathy
$7,300 $1,400 $7,300

[wagering suggestions for these scores]

Final Jeopardy! Round responses

COLLEGES & UNIVERSITIES
DavidWhat is Stanford? [smile face drawn]
$600
KathyWhat is the Univ of Vienna?
$7,300
LoisWhat is Stanford University
$7,300
Stanford University

Final scores:

Lois David Kathy
$14,600 $2,000 $0
2-day champion: $29,400 2nd place: Lehigh bedroom furniture + "Summer Wildflowers" lithograph + Jeopardy! home game or Jeopardy! Challenger 3rd place: Sierra Cricket on the Hearth fireplace + Jeopardy! home game or Jeopardy! Challenger

Game dynamics:

Coryat scores:

Lois David Kathy
$6,800 $2,400 $7,300
17 R
(including 2 DDs),
2 W
12 R,
4 W
(including 1 DD)
22 R,
3 W

Combined Coryat: $16,500

[game clues] [game scores] [suggest correction]

Game tape date: 1990-10-10
The J! Archive is created by fans, for fans. Scraping, republication, monetization, and malicious use prohibited; this site may use cookies and collect identifying information. See terms. The Jeopardy! game show and all elements thereof, including but not limited to copyright and trademark thereto, are the property of Jeopardy Productions, Inc. and are protected under law. This website is not affiliated with, sponsored by, or operated by Jeopardy Productions, Inc. Join the discussion at JBoard.tv.